000 00373nam a2200145Ia 4500
008 240624s9999 xx 000 0 und d
041 _aeng
082 _a657.0285 ROM
100 _aROMNEY MARSHALL B
245 _aACCOUNTING INFORMATION SYSTEM
250 _a(9th ed.)
260 _c2004
_aDelhi
_bPearson Education
300 _axxviii, : 735 : p. : cm. ; 24
365 _cRS
999 _c1803
_d1803